mastering CAD/CAM (Record no. 327551)
[ view plain ]
| 000 -LEADER | |
|---|---|
| fixed length control field | 00314 a2200133 4500 |
| 001 - CONTROL NUMBER | |
| control field | 92478 |
| 082 ## - DEWEY DECIMAL CLASSIFICATION NUMBER | |
| Classification number | 670.285 ZEI |
| 090 ## - LOCALLY ASSIGNED LC-TYPE CALL NUMBER (OCLC); LOCAL CALL NUMBER (RLIN) | |
| -- | 44448 |
| -- | 44449 |
| 100 ## - MAIN ENTRY--PERSONAL NAME | |
| Personal name | Zeid Ibrahim |
| 245 ## - TITLE STATEMENT | |
| Title | mastering CAD/CAM |
| 260 ## - PUBLICATION, DISTRIBUTION, ETC. | |
| Place of publication, distribution, etc. | New Delhi |
| Name of publisher, distributor, etc. | McGraw-Hill |
| Date of publication, distribution, etc. | 2005 |
| 300 ## - PHYSICAL DESCRIPTION | |
| Extent | xxviii, 932 p. |
| Other physical details | indian ed |
| 520 ## - SUMMARY, ETC. | |
| Summary, etc. | CAD CAM |
| 942 ## - ADDED ENTRY ELEMENTS (KOHA) | |
| Institution code [OBSOLETE] | NUST-CAE |
| Call number prefix | 670.285 ZEI |
| Withdrawn status | Lost status | Damaged status | Not for loan | Collection code | Permanent Location | Current Location | Date acquired | Total Checkouts | Full call number | Barcode | Date last seen | Price effective from | Koha item type |
|---|---|---|---|---|---|---|---|---|---|---|---|---|---|
| College of Aeronautical Engineering (CAE) | College of Aeronautical Engineering (CAE) | 04/03/2017 | 670.285 ZEI | CAE88676 | 04/05/2017 | 04/05/2017 | Book | ||||||
| College of Aeronautical Engineering (CAE) | College of Aeronautical Engineering (CAE) | 04/03/2017 | 670.285 ZEI | CAE88707 | 04/05/2017 | 04/05/2017 | Book | ||||||
| College of Aeronautical Engineering (CAE) | College of Aeronautical Engineering (CAE) | 04/03/2017 | 670.285 ZEI | CAE88706 | 04/05/2017 | 04/05/2017 | Book |
